Home surveys regulatory scheme draft proposal (Record no. 122205)

MARC details
000 -LEADER
fixed length control field 01071nam a22002297a 4500
005 - DATE AND TIME OF LATEST TRANSACTION
control field 20250826133259.0
008 - FIXED-LENGTH DATA ELEMENTS--GENERAL INFORMATION
fixed length control field 250826t2025 xxk|||||o|||| 00| 0 eng d
041 ## - LANGUAGE CODE
Language code of text/sound track or separate title eng
110 ## - MAIN ENTRY--CORPORATE NAME
Corporate author Royal Institution of Chartered Surveyors
245 ## - TITLE STATEMENT
Title Home surveys regulatory scheme draft proposal
260 ## - PUBLICATION INFORMATION
Place of publication London,
Publisher Royal Institution of Chartered Surveyors,
Date 2025
300 ## - PHYSICAL DESCRIPTION
Physical description 10p
520 ## - ABSTRACT
Abstract This proposal for a new Regulatory scheme runs in parallel to a consultation on a second edition of the Home Survey Standard, opened on 19th August 2025 and closes on 30 September 2025. <br/>
650 ## - KEYWORDS
Keywords HOME SURVEYS
650 ## - KEYWORDS
Keywords REGULATORY SCHEMES
650 ## - KEYWORDS
Keywords RESIDENTIAL PROPERTY
651 ## - SUBJECT ADDED ENTRY--GEOGRAPHIC NAME
Geographic name England
690 ## - BROAD SUBJECT
9 (RLIN) 6270
Broad subject Survey reports
710 ## - ADDED CORPORATE NAME
Added corporate author Royal Institution of Chartered Surveyors
856 ## - ONLINE RESOURCE
Uniform Resource Identifier <a href="https://consultations.rics.org/gf2.ti/-/1712450/255903333.1/PDF/-/Home%20Survey%20Regulatory%20Scheme%20-%20Draft%20Proposal%20-%20edited%20clean%20version%20for%20consultation.pdf">https://consultations.rics.org/gf2.ti/-/1712450/255903333.1/PDF/-/Home%20Survey%20Regulatory%20Scheme%20-%20Draft%20Proposal%20-%20edited%20clean%20version%20for%20consultation.pdf</a>
Public note Home Surveys Regulatory scheme draft proposal
942 ## - ADDED ENTRY ELEMENTS (KOHA)
Suppress in OPAC Do not suppress in OPAC
Holdings
Lost status Damaged status Not for loan Home library Current library Shelving location Date acquired Total Checkouts Full call number Date last seen Price effective from Koha item type
      Virtual Virtual Online 26/08/2025   iConsult 26/08/2025 26/08/2025 Online material